[Event "SVK-chT3B2 2122"]
[Site "Slovakia"]
[Date "2022.04.03"]
[Round "7.6"]
[White "Adamik, Frantisek1111"]
[Black "Krisko, Milan"]
[Result "0-1"]
[WhiteElo "1385"]
[BlackElo "1699"]
[PlyCount "80"]
[EventDate "2021.10.24"]
[EventType "team-tourn"]
[EventRounds "11"]
[EventCountry "SVK"]
[SourceTitle "EXT 2024"]
[Source "ChessBase"]
[SourceDate "2023.10.10"]
[SourceVersion "1"]
[SourceVersionDate "2023.10.10"]
[SourceQuality "1"]
[WhiteTeam "Lehota pod Vtacnikom"]
[BlackTeam "Handlova"]
[WhiteTeamCountry "SVK"]
[BlackTeamCountry "SVK"]

1. e4 e5 2. f4 exf4 3. Nf3 Nf6 4. Nc3 d6 5. Bc4 Be7 6. d4 Nxe4 7. Bxf7+ Kxf7 8. Nxe4 Rf8 9. 0-0 Kg8 10. Ne1 Bf5 11. Rxf4 Bg6 12. Rxf8+ Qxf8 13. Nf2 Nd7 14. c3 b6 15. Ned3 c5 16. dxc5 Nxc5 17. Nxc5 dxc5 18. Qf1 Rd8 19. Be3 Qf7 20. b3 Bf6 21. Rc1 Qe6 22. Qc4 Qxc4 23. bxc4 Bd3 24. Rd1 Bxc4 25. Rxd8+ Bxd8 26. a3 Bf6 27. Bd2 Kf7 28. Ne4 Be7 29. Bg5 Bf8 30. Bf4 Bd5 31. Ng5+ Kg6 32. Nf3 Bxf3 33. gxf3 Kf5 34. Be3 Bd6 35. h3 b5 36. Kf2 a5 37. Bd2 Bf4 38. Be3 Bxe3+ 39. Kxe3 b4 40. cxb4 cxb4 0-1

[Event "SVK-chT3B2 1920"]
[Site "Slovakia"]
[Date "2020.06.28"]
[Round "11.7"]
[White "Krisko, Milan"]
[Black "Dubnicka, Ferdinand"]
[Result "1-0"]
[WhiteElo "1743"]
[BlackElo "1554"]
[PlyCount "83"]
[EventDate "2019.10.06"]
[EventType "team-tourn"]
[EventRounds "11"]
[EventCountry "SVK"]
[SourceTitle "EXT 2022"]
[Source "ChessBase"]
[SourceDate "2021.10.06"]
[SourceVersion "1"]
[SourceVersionDate "2021.10.06"]
[SourceQuality "1"]
[WhiteTeam "Handlova"]
[BlackTeam "Dubnica nad Vahom III"]
[WhiteTeamCountry "SVK"]
[BlackTeamCountry "SVK"]

1. e4 c5 2. Nf3 Nc6 3. d4 cxd4 4. Nxd4 e5 5. Nb5 d6 6. c4 a6 7. N5c3 Nf6 8. Be2 Be7 9. Be3 0-0 10. 0-0 Be6 11. Nd2 Qc7 12. h3 h6 13. Rc1 Nh7 14. Nd5 Qd8 15. Nb3 Bxd5 16. cxd5 Na7 17. Qd2 Bg5 18. Rc2 Rc8 19. Rfc1 Rxc2 20. Rxc2 f5 21. f3 fxe4 22. fxe4 Qf6 23. Bd3 Nb5 24. Na5 Nd4 25. Rc7 b5 26. Bxg5 Nxg5 27. Qe3 Qg6 28. Kh1 Qh5 29. Nc6 Qd1+ 30. Kh2 Ndf3+ 31. Kg3 Qh1 32. Ne7+ Kh7 33. Nf5 Qh2+ 34. Kf2 Qg1+ 35. Kg3 Qh2+ 36. Kf2 Nd4 37. Rxg7+ Kh8 38. Rg6 Nxf5 39. exf5 Kh7 40. Rxd6 e4 41. Rd7+ Kh8 42. Qd4+ 1-0

[Event "SVK-chT3B2 1718"]
[Site "Slovakia"]
[Date "2018.03.04"]
[Round "10.3"]
[White "Kurtulik, Andrej"]
[Black "Krisko, Milan"]
[Result "1-0"]
[WhiteElo "1801"]
[BlackElo "1794"]
[PlyCount "65"]
[EventDate "2017.10.08"]
[EventType "team-tourn"]
[EventRounds "11"]
[EventCountry "SVK"]
[SourceTitle "EXT 2020"]
[Source "ChessBase"]
[SourceDate "2019.10.17"]
[SourceVersion "1"]
[SourceVersionDate "2019.10.17"]
[SourceQuality "1"]
[WhiteTeam "Prievidza II"]
[BlackTeam "Handlova"]
[WhiteTeamCountry "SVK"]
[BlackTeamCountry "SVK"]

1. e4 e5 2. Nf3 Nc6 3. Nc3 Nf6 4. Bb5 Bb4 5. 0-0 0-0 6. d3 d6 7. Bg5 Bxc3 8. bxc3 h6 9. Bh4 Bd7 10. Re1 a6 11. Bxc6 Bxc6 12. Qd2 Bd7 13. d4 exd4 14. cxd4 Bg4 15. e5 dxe5 16. Nxe5 Be6 17. c4 c6 18. Re3 g5 19. Bg3 Nh5 20. Rd1 Nxg3 21. Rxg3 f6 22. Qd3 f5 23. d5 cxd5 24. cxd5 Bd7 25. d6 Kg7 26. Qd4 Rf6 27. Nxd7 Qxd7 28. Rc3 Rc8 29. Rxc8 Qxc8 30. d7 Qd8 31. Re1 Kf7 32. Re8 Re6 33. Qd5 1-0

[Event "SVK-chT3B2 1213"]
[Site "Slovakia"]
[Date "2013.01.13"]
[Round "5.6"]
[White "Krisko, Milan"]
[Black "Malinovsky, Jozef"]
[Result "1-0"]
[WhiteElo "1840"]
[BlackElo "1837"]
[PlyCount "93"]
[EventDate "2012.10.28"]
[EventType "team-tourn"]
[EventRounds "14"]
[EventCountry "SVK"]
[SourceTitle "EXT 2022"]
[Source "ChessBase"]
[SourceDate "2021.10.06"]
[SourceVersion "1"]
[SourceVersionDate "2021.10.06"]
[SourceQuality "1"]
[WhiteTeam "Handlova"]
[BlackTeam "Povazska Bystrica III"]
[WhiteTeamCountry "SVK"]
[BlackTeamCountry "SVK"]

1. e4 c5 2. Nf3 Nc6 3. d4 cxd4 4. Nxd4 d6 5. c4 Nf6 6. Nc3 a6 7. Be2 g6 8. Be3 Bg7 9. 0-0 Bd7 10. Rc1 0-0 11. Kh1 Nxd4 12. Bxd4 Bc6 13. Qd3 Rc8 14. f4 Nd7 15. Bf3 e5 16. Be3 exf4 17. Bxf4 Ne5 18. Bxe5 Bxe5 19. g3 Qg5 20. Rfd1 Qh6 21. Qd2 Qg7 22. Kg2 Kh8 23. b3 f5 24. Nd5 Bxd5 25. cxd5 fxe4 26. Bxe4 Rce8 27. Bf3 Rf6 28. Rf1 Ref8 29. Be2 Qe7 30. Rxf6 Bxf6 31. Qd3 Qe5 32. Bg4 Qb2+ 33. Rc2 Qa1 34. Rd2 Qc1 35. Qc2 Qe1 36. Re2 Qa1 37. Rf2 Kg7 38. Be6 b5 39. Qc7+ Kh6 40. Qxd6 Rd8 41. Qf4+ Bg5 42. Qc7 Qd4 43. Qc2 b4 44. h4 Be3 45. Rf3 Bd2 46. Qd3 Qc3 47. d6 1-0

[Event "SVK-ch Seniors-A"]
[Site "Tatranske Matliare"]
[Date "2010.06.??"]
[Round "8"]
[White "Krisko, Milan"]
[Black "Mathon, Dimitrij"]
[Result "1-0"]
[WhiteElo "1863"]
[BlackElo "1770"]
[PlyCount "43"]
[EventDate "2010.06.06"]
[EventType "swiss"]
[EventRounds "9"]
[EventCountry "SVK"]
[SourceTitle "EXT 2023"]
[Source "ChessBase"]
[SourceDate "2022.10.05"]
[SourceVersion "1"]
[SourceVersionDate "2022.10.05"]
[SourceQuality "1"]

1. e4 e5 2. Nf3 Nc6 3. Bb5 a6 4. Ba4 Nf6 5. 0-0 d6 6. Re1 Be7 7. c3 0-0 8. h3 b5 9. Bc2 Na5 10. d4 exd4 11. cxd4 c5 12. b3 h6 13. Nbd2 Qc7 14. Bb2 cxd4 15. Nxd4 Nc6 16. Rc1 Nxd4 17. Bxd4 Qd8 18. Nf3 Nh7 19. Qd3 f5 20. Ba1 Bd7 21. exf5 Kh8 22. f6 1-0

[Event "SVK-ch Seniors-A"]
[Site "Tatranske Matliare"]
[Date "2009.??.??"]
[Round "9"]
[White "Krucay, Jozef"]
[Black "Krisko, Milan"]
[Result "0-1"]
[WhiteElo "1851"]
[BlackElo "1823"]
[PlyCount "60"]
[EventDate "2009.05.31"]
[EventType "swiss"]
[EventRounds "9"]
[EventCountry "SVK"]
[SourceTitle "EXT 2023"]
[Source "ChessBase"]
[SourceDate "2022.10.05"]
[SourceVersion "1"]
[SourceVersionDate "2022.10.05"]
[SourceQuality "1"]

1. d4 d5 2. c4 Nf6 3. Nf3 e6 4. e3 c5 5. dxc5 Bxc5 6. cxd5 Qxd5 7. Qc2 0-0 8. Nc3 Qd8 9. Bd3 Nbd7 10. 0-0 a6 11. Ng5 h6 12. Nge4 Be7 13. Rd1 Qc7 14. Qe2 b5 15. a3 Bb7 16. Bd2 Ne5 17. Bc2 Rfd8 18. Rac1 Qb6 19. Nxf6+ Bxf6 20. b3 Rac8 21. f4 Ng6 22. Bxg6 fxg6 23. Be1 Rxd1 24. Qxd1 Qxe3+ 25. Bf2 Qxf4 26. Bg3 Qd4+ 27. Qxd4 Bxd4+ 28. Kf1 Rxc3 29. Rd1 e5 30. a4 Rc2 0-1

[Event "SVK-ch Seniors-A"]
[Site "Tatranske Matliare"]
[Date "2009.??.??"]
[Round "1"]
[White "Sturc, Gustav"]
[Black "Krisko, Milan"]
[Result "1/2-1/2"]
[WhiteElo "2067"]
[BlackElo "1823"]
[PlyCount "71"]
[EventDate "2009.05.31"]
[EventType "swiss"]
[EventRounds "9"]
[EventCountry "SVK"]
[SourceTitle "EXT 2023"]
[Source "ChessBase"]
[SourceDate "2022.10.05"]
[SourceVersion "1"]
[SourceVersionDate "2022.10.05"]
[SourceQuality "1"]

1. e4 e5 2. Nf3 Nc6 3. Bb5 a6 4. Ba4 Nf6 5. 0-0 b5 6. Bb3 Be7 7. Re1 d6 8. h3 Na5 9. d4 Nxb3 10. axb3 exd4 11. Nxd4 Bb7 12. Nf5 0-0 13. Nc3 Re8 14. Bg5 h6 15. Bh4 Kh7 16. Nd5 Nxd5 17. exd5 Bxh4 18. Rxe8 Bxf2+ 19. Kxf2 Qxe8 20. Qd3 g6 21. Re1 Qd7 22. Nh4 Re8 23. Rf1 Qe7 24. Kg1 Kg7 25. Qc3+ Kg8 26. Nf3 Qe3+ 27. Qxe3 Rxe3 28. Rd1 Re2 29. Ne1 Bxd5 30. Rxd5 Rxe1+ 31. Kf2 Re5 32. Rd1 d5 33. Ra1 Re6 34. b4 f5 35. Rd1 Re5 36. Ra1 1/2-1/2